<?xml version="1.0" encoding="UTF-8"?>
<record
    xmlns:xsi="http://www.w3.org/2001/XMLSchema-instance"
    xsi:schemaLocation="http://www.loc.gov/MARC21/slim http://www.loc.gov/standards/marcxml/schema/MARC21slim.xsd"
    xmlns="http://www.loc.gov/MARC21/slim">

  <leader>00477nam a2200169Ia 4500</leader>
  <controlfield tag="008">230718s9999    xx            000 0 und d</controlfield>
  <datafield tag="020" ind1=" " ind2=" ">
    <subfield code="a">9780262038034</subfield>
  </datafield>
  <datafield tag="041" ind1=" " ind2=" ">
    <subfield code="a">eng</subfield>
  </datafield>
  <datafield tag="082" ind1=" " ind2=" ">
    <subfield code="a">006.32</subfield>
    <subfield code="b">SEJ</subfield>
  </datafield>
  <datafield tag="100" ind1=" " ind2=" ">
    <subfield code="a">Sejnowski T.J.</subfield>
    <subfield code="9">201753</subfield>
  </datafield>
  <datafield tag="245" ind1=" " ind2=" ">
    <subfield code="a">Deep Learning Revolution</subfield>
  </datafield>
  <datafield tag="260" ind1=" " ind2=" ">
    <subfield code="c">2018</subfield>
    <subfield code="b">The MIT Press</subfield>
  </datafield>
  <datafield tag="300" ind1=" " ind2=" ">
    <subfield code="a">342</subfield>
    <subfield code="d">Ref 124 IT (61691)</subfield>
  </datafield>
  <datafield tag="365" ind1=" " ind2=" ">
    <subfield code="c">Rs.</subfield>
    <subfield code="b">2237.26</subfield>
  </datafield>
  <datafield tag="700" ind1=" " ind2=" ">
    <subfield code="a">Sejnowski T.J.</subfield>
    <subfield code="9">201753</subfield>
  </datafield>
  <datafield tag="906" ind1=" " ind2=" ">
    <subfield code="d">O:0668826-Sep-2019B:542223-Sep-2019</subfield>
    <subfield code="c">BIT</subfield>
    <subfield code="b">559.32</subfield>
  </datafield>
  <datafield tag="999" ind1=" " ind2=" ">
    <subfield code="c">350484</subfield>
    <subfield code="d">350484</subfield>
  </datafield>
  <datafield tag="952" ind1=" " ind2=" ">
    <subfield code="0">0</subfield>
    <subfield code="1">0</subfield>
    <subfield code="2">ddc</subfield>
    <subfield code="3">Ref 124 IT (61691)</subfield>
    <subfield code="4">0</subfield>
    <subfield code="7">3</subfield>
    <subfield code="a">CCEP</subfield>
    <subfield code="b">CCEP</subfield>
    <subfield code="d">2019-09-26</subfield>
    <subfield code="e">Technical Book Services</subfield>
    <subfield code="f">BIT</subfield>
    <subfield code="g">1677.94</subfield>
    <subfield code="i">5422</subfield>
    <subfield code="o">006.32</subfield>
    <subfield code="p">CCEP-BK-61691</subfield>
    <subfield code="r">2023-07-18 00:00:00</subfield>
    <subfield code="t">559.32</subfield>
    <subfield code="v">2237.26</subfield>
    <subfield code="w">2019-09-23</subfield>
    <subfield code="y">BK</subfield>
    <subfield code="z">061691</subfield>
  </datafield>
</record>
